[Event "Santa Maria op 3rd"]
[Site "Santa Maria de Jetiba"]
[Date "2023.04.22"]
[Round "3"]
[White "Domingues, Michel Da Cruz"]
[Black "Tombesi, Wilson Roberto Lope"]
[Result "1-0"]
[WhiteElo "1800"]
[BlackElo "1699"]
[PlyCount "49"]
[EventDate "2023.04.21"]
[EventType "swiss"]
[EventRounds "7"]
[EventCountry "BRA"]
[SourceTitle "EXT 2024"]
[Source "ChessBase"]
[SourceDate "2023.10.10"]
[SourceVersion "1"]
[SourceVersionDate "2023.10.10"]
[SourceQuality "1"]

1. f4 e6 2. Nf3 Nc6 3. e3 Nf6 4. Bb5 Nb4 5. 0-0 a6 6. Be2 b5 7. a4 bxa4 8. c3 Nbd5 9. Qxa4 Bc5 10. d4 Be7 11. Qc2 0-0 12. e4 Nb6 13. Bd3 g6 14. h3 Bb7 15. Be3 d5 16. e5 Ne4 17. Nbd2 f5 18. exf6 Nxf6 19. Ne5 Qe8 20. Ndf3 Ne4 21. Bxe4 dxe4 22. Nd2 Bd6 23. Nxe4 Bxe4 24. Qxe4 Nd5 25. Qf3 1-0